000 00286nam a22001337a 4500
008 171101b xxu||||| |||| 00| 0 eng d
020 _a9780697312914
041 _aeng
080 _24TH
_a33
100 _a59
101 _aBUS
245 _aTAKING SIDES
_cNEWTON,L.H
942 _2udc
_cBK
999 _c36980
_d36980